| 000 | 00000nas 2200000za 4500 |
| 001 | 9.832740 |
| 003 | CaOODSP |
| 005 | 20240215150448 |
| 007 | cr ||||||||||| |
| 008 | 170221d19751996oncqr p o f0 a0eng|d |
| 022 | |z0715-285X |
| 040 | |aCaOODSP|beng |
| 043 | |an-cn--- |
| 086 | 1 |aJS83-5E-PDF |
| 130 | 0 |aLet's talk (Ottawa, Ont. : Online) |
| 245 | 10|aLet's talk |h[electronic resource]. |
| 260 | |aOttawa : |bPublic Affairs Division, Canadian Penitentiary and National Parole Services, |c1975?-1996. |
| 310 | |aQuarterly,|bVol. 20, no. 1 (Mar. 1995) -v. 21, no. 2 (Summer 1996) |
| 321 | |aBimonthly,|bv. 18, no. 1 (Feb./Mar. 1993)-v. 19, no. 4 (Dec. 1994) |
| 321 | |aMonthly,|bv. 11, no. 13 (Nov. 1986)-v. 17, no. 12 (Dec. 1992/Jan, 1993). |
| 321 | |aTwice a month (irregular),|b1975?-v. 11, no. 12, (Oct. 1986) |
| 362 | 1 |aCeased with: vol. 21, no. 2 (Summer 1996). |
| 500 | |aIssued also in French under title: Entre nous. |
| 500 | |aDescription based on Vol. 3, no. 3 (June 1978). |
| 500 | |aDigitized edition from print. |
| 520 | 3 |aCovers topics about the work of the Service across Canada. Issues contain articles related to day-to-day work; offenders; programs; employee and Service achievements; and other issues that would interest those in the correctional community. |
| 550 | |aIssued 1979-1996 by Correctional Service Canada. |
| 692 | 07|2gccst|aCorrectional institutions |
| 710 | 1 |aCanada.|bNational Parole Service. |
| 710 | 2 |aCanadian Penitentiary Service. |
| 710 | 2 |aCorrectional Service Canada. |
| 775 | 08|tEntre nous |w(CaOODSP)9.832763 |
| 776 | 0#|tLet's talk = |w(CaOODSP)9.508534 |
| 785 | 00|tLet's talk |w(CaOODSP)9.504943 |